| 000 | 00725cam a2200181 4500 | ||
|---|---|---|---|
| 001 | ABS61230 | ||
| 008 | 000000n1999 000 0 eng u | ||
| 035 | _a(Sirsi) u101831 | ||
| 245 | _aAll systems go together. | ||
| 260 | _c1999 | ||
| 490 |
_aBuilding _v64(8101) 27 August 1999, 53(1) |
||
| 520 | _aDiscusses the feasibility of interoperability in construction computer aided design (CAD), which allows different systems to seamlessly exchange data, in combination with increased sophistication of software. Comparison with the motor industry. | ||
| 650 | _aSOFTWARE | ||
| 650 | _aCOMPUTER AIDED DESIGN | ||
| 650 | _aINTEROPERABILITY | ||
| 690 | _aMANAGEMENT-BUSINESS MANAGEMENT-INFORMATION MANAGEMENT | ||
| 942 | _n0 | ||
| 999 |
_c60942 _d60942 |
||